00673cam a2200205ua 450000100040000000500170000400800390002104000090006008200100006924500720007925000090015126000430016030000210020365300220022465300560024670000270030294200070032999900130033695201180034941020260515113148.0110331n ii |||gr||||Z||||||eng cMAIN a323.41 aHuman rights under international law and indian lawcby S.K. Kapoor a2nd. aAllahabad:bCentral law agency,c2001. axv, 397p:c25cm. aPolitical science aHuman rights under international law and indian law aKapoor, S.K.,eAuthor. cBK c355d355 00104070aMAINbMAINcGENd2020-09-19l1o323.4 | KAPp1108r2020-12-16 00:00:00s2020-12-09t1w2020-09-19yBK